000 00239nam a2200085Ia 4500
245 0 _aSoccer practice games
100 _a LUXBACHER, Joe Champaign, IL, 2003 2nd ed
_982545
942 _cBK
008 210817s9999 xx 000 0 und d
999 _c298644
_d298644